[Event "Bad Soden U14 op 5th"]
[Site "Bad Soden"]
[Date "2018.10.02"]
[Round "6.15"]
[White "Hery, Bastian"]
[Black "Viebahn, Tim"]
[Result "1-0"]
[WhiteElo "1096"]
[BlackElo "1154"]
[PlyCount "29"]
[EventDate "2018.09.30"]
[EventType "swiss"]
[EventRounds "7"]
[EventCountry "GER"]
[SourceTitle "EXT 2020"]
[Source "ChessBase"]
[SourceDate "2019.10.17"]
[SourceVersion "1"]
[SourceVersionDate "2019.10.17"]
[SourceQuality "1"]

1. e4 e5 2. Nf3 Nc6 3. Bc4 Bc5 4. c3 d6 5. d4 Bb6 6. dxe5 dxe5 7. Qb3 Nh6 8. Bxh6 Na5 9. Bxf7+ Ke7 10. Bg5+ Kf8 11. Qa3+ Kxf7 12. Bxd8 Rxd8 13. 0-0 Nc4 14. Qb3 Be6 15. Ng5+ 1-0

[Event "Bad Soden U14 op 5th"]
[Site "Bad Soden"]
[Date "2018.10.02"]
[Round "7.11"]
[White "Richter, Tim"]
[Black "Hery, Bastian"]
[Result "1/2-1/2"]
[WhiteElo "1115"]
[BlackElo "1096"]
[PlyCount "110"]
[EventDate "2018.09.30"]
[EventType "swiss"]
[EventRounds "7"]
[EventCountry "GER"]
[SourceTitle "EXT 2020"]
[Source "ChessBase"]
[SourceDate "2019.10.17"]
[SourceVersion "1"]
[SourceVersionDate "2019.10.17"]
[SourceQuality "1"]

1. d4 Nf6 2. Bf4 e6 3. e3 Bb4+ 4. c3 Be7 5. h3 d5 6. Nf3 0-0 7. c4 c6 8. c5 Qa5+ 9. Qd2 Qxd2+ 10. Nbxd2 b6 11. b4 Ba6 12. Bxa6 Nxa6 13. a3 Rfc8 14. Rd1 Nb8 15. 0-0 Nbd7 16. Rfe1 b5 17. Ra1 a5 18. Bh2 Ra6 19. Nb3 Bd8 20. Nbd2 Rca8 21. Nb3 Ne4 22. Kf1 Nc3 23. Rec1 axb4 24. axb4 Rxa1 25. Rxa1 Rxa1+ 26. Nxa1 Na2 27. Nc2 Kf8 28. Nfe1 Nf6 29. f3 Nc3 30. Nd3 Ke8 31. Bg3 Nh5 32. Be1 Na4 33. Ke2 Bc7 34. f4 Nf6 35. Na3 Ne4 36. Nb1 f6 37. Nf2 Nxf2 38. Kxf2 Nb2 39. Ke2 Nc4 40. Nd2 Kf7 41. g3 h6 42. h4 Kg6 43. Nxc4 dxc4 44. Kf3 f5 45. Kg2 Kh5 46. Kf3 Bd8 47. Bd2 g5 48. hxg5 hxg5 49. Be1 gxf4 50. Kxf4 Bf6 51. Bc3 Kg6 52. Bb2 Bg7 53. Bc3 Bh6+ 54. Kf3 Kh5 55. Bd2 Bf8 1/2-1/2